Triple Fast Typing A to Z - 30 Second Sprint - Statistics

General Stats
  • This quiz has been taken 330 times
  • The average score is 68 of 78
Answer Stats
letter % Correct
a
99%
b
98%
c
98%
d
97%
e
97%
f
97%
g
97%
h
97%
i
97%
j
97%
k
96%
l
96%
m
96%
n
95%
o
95%
p
95%
q
95%
r
95%
s
95%
t
95%
u
95%
v
95%
w
94%
x
94%
y
94%
z
94%
A
93%
B
92%
C
92%
D
92%
E
92%
F
92%
G
92%
H
92%
I
91%
J
91%
K
91%
L
91%
M
91%
N
91%
O
90%
P
89%
Q
88%
R
88%
S
87%
T
87%
U
87%
V
86%
W
84%
X
83%
Y
83%
Z
83%
A
82%
B
82%
C
81%
D
81%
E
81%
F
81%
G
80%
H
79%
I
79%
J
79%
K
79%
L
78%
M
77%
N
77%
O
76%
P
75%
Q
74%
R
73%
S
71%
T
71%
U
71%
V
70%
W
69%
X
69%
Y
69%
Z
68%
No matching quizzes found
Score Distribution
Percent of People with Each Score
Percentile by Number Answered
Your Score History
You have not taken this quiz